000 00324nas a2200145 a 4500
001 69462
003 143334
005 20201118110647.0
008 ||||||n9999 ||| || ||
245 0 _aCooperacion Sur - Cooperacion Sur
260 _c1991.
562 _e0
773 _069456
_aCooperacion Sur
942 _cSISS
999 _c69462
_d69462